000 00924nam a22001337a 4500
040 _cRUA
082 _aAVM NGO 2018 B658 Or.
100 _aNGOEM RA ងឺម​ រ៉ា
245 _ausing of ginger (zingiber officinale) as anti eimeria spp in digestive system of three blood chicken at veteterinary research station of fvm-rua ការប្រើប្រាស់ខ្ងីប្រឆាំង​ eimeria spp ក្នុងប្រព័ន្ឋប្រដាប់រំលាយអាហារមាន់សាច់បីឈាមនៅស្ថានីយស្រាវជ្រាវវេជ្ជសាស្រ្តសត្វនៃសាកលវិទ្យាល័យភូមិន្ទកសិកម្ម
260 _arua
_bphnom penh
_c2018
300 _aix.39p
_bill;
_c29cm
856 _uhttps://drive.google.com/file/d/1Uvy5LsKPlRfb_q8KwKmI--HwaC3tTSGg/view?usp=sharing
942 _cAVM
999 _c18905
_d18905